[Event "Montigny le Bretonneux op 20th"]
[Site "Montigny le Bretonneux"]
[Date "2022.10.24"]
[Round "3"]
[White "Duget, Long Jc"]
[Black "Petitgas, Aurelien"]
[Result "1-0"]
[WhiteElo "1639"]
[BlackElo "1516"]
[PlyCount "117"]
[EventDate "2022.10.22"]
[EventType "swiss"]
[EventRounds "9"]
[EventCountry "FRA"]
[SourceTitle "EXT 2024"]
[Source "ChessBase"]
[SourceDate "2023.10.10"]
[SourceVersion "1"]
[SourceVersionDate "2023.10.10"]
[SourceQuality "1"]

1. e4 e6 2. d4 d5 3. Nd2 Nf6 4. e5 Nfd7 5. f4 c5 6. c3 Nc6 7. Ndf3 Qb6 8. Ne2 f6 9. g3 cxd4 10. cxd4 Bb4+ 11. Kf2 fxe5 12. fxe5 Ndxe5 13. Nxe5 Nxe5 14. Kg2 0-0 15. Nf4 Nc6 16. Be3 Bd6 17. Qd2 Bxf4 18. gxf4 Ne7 19. Bd3 Nf5 20. Bxf5 Rxf5 21. Rac1 Bd7 22. a3 Raf8 23. Rhg1 Be8 24. h3 Bg6 25. Kh2 R5f6 26. b4 Be4 27. a4 Qa6 28. a5 Qd3 29. Qxd3 Bxd3 30. Rc3 Bc4 31. Rc2 Kf7 32. b5 Rg6 33. b6 Rxg1 34. Kxg1 a6 35. Bd2 Kf6 36. Bb4 Rd8 37. Rg2 Rd7 38. Rg5 h6 39. Re5 Rd8 40. h4 Rc8 41. Kf2 Bd3 42. Re3 Rc2+ 43. Ke1 Bc4 44. Bd6 Kf5 45. Re5+ Kf6 46. f5 Re2+ 47. Rxe2 Bxe2 48. Kxe2 exf5 49. Be5+ Kf7 50. h5 g5 51. hxg6+ Kxg6 52. Kf3 Kf7 53. Kf4 Ke6 54. Kg3 Kd7 55. Kf4 Ke6 56. Bg7 h5 57. Kg5 Kd7 58. Kxf5 Kc6 59. Ke5 1-0

[Event "Montigny le Bretonneux op 20th"]
[Site "Montigny le Bretonneux"]
[Date "2022.10.23"]
[Round "2"]
[White "Petitgas, Aurelien"]
[Black "Delmas Goyon, Francois"]
[Result "1/2-1/2"]
[WhiteElo "1516"]
[BlackElo "1899"]
[PlyCount "56"]
[EventDate "2022.10.22"]
[EventType "swiss"]
[EventRounds "9"]
[EventCountry "FRA"]
[SourceTitle "EXT 2024"]
[Source "ChessBase"]
[SourceDate "2023.10.10"]
[SourceVersion "1"]
[SourceVersionDate "2023.10.10"]
[SourceQuality "1"]

1. e4 c5 2. Nf3 e6 3. d4 cxd4 4. Nxd4 Nc6 5. Nc3 Qc7 6. Be3 a6 7. Qf3 Bd6 8. 0-0-0 Be5 9. Nxc6 bxc6 10. Bd4 Nf6 11. Bxe5 Qxe5 12. Qg3 Qxg3 13. hxg3 d5 14. exd5 cxd5 15. f4 Bb7 16. Rg1 Ke7 17. Be2 Rhd8 18. Bf3 Ne4 19. Nxe4 dxe4 20. Be2 f5 21. Rxd8 Rxd8 22. Rd1 Rxd1+ 23. Kxd1 e5 24. b4 Kd6 25. c4 h6 26. Kd2 a5 27. a3 axb4 28. axb4 exf4 1/2-1/2